<?xml version="1.0" encoding="UTF-8"?>
<marc:record xmlns:marc="http://www.loc.gov/MARC21/slim" type="Bibliographic">
   <marc:leader>00000pam a2200000 c 4500</marc:leader>
   <marc:controlfield tag="001">1079409971</marc:controlfield>
   <marc:controlfield tag="003">DE-101</marc:controlfield>
   <marc:controlfield tag="005">20171202145412.0</marc:controlfield>
   <marc:controlfield tag="007">tu</marc:controlfield>
   <marc:controlfield tag="008">151127s2016    gw ||||| |||| 00||||ger  </marc:controlfield>
   <marc:datafield ind1=" " ind2=" " tag="015">
      <marc:subfield code="a">16,A12</marc:subfield>
      <marc:subfield code="z">15,N49</marc:subfield>
      <marc:subfield code="2">dnb</marc:subfield>
   </marc:datafield>
   <marc:datafield ind1="7" ind2=" " tag="016">
      <marc:subfield code="2">DE-101</marc:subfield>
      <marc:subfield code="a">1079409971</marc:subfield>
   </marc:datafield>
   <marc:datafield ind1=" " ind2=" " tag="020">
      <marc:subfield code="a">9783407747006</marc:subfield>
      <marc:subfield code="c">Broschur : EUR 8.20 (AT), sfr 11.90 (freier Pr.), EUR 7.95 (DE)</marc:subfield>
      <marc:subfield code="9">978-3-407-74700-6</marc:subfield>
   </marc:datafield>
   <marc:datafield ind1=" " ind2=" " tag="020">
      <marc:subfield code="a">3407747004</marc:subfield>
      <marc:subfield code="9">3-407-74700-4</marc:subfield>
   </marc:datafield>
   <marc:datafield ind1="3" ind2=" " tag="024">
      <marc:subfield code="a">9783407747006</marc:subfield>
   </marc:datafield>
   <marc:datafield ind1="5" ind2="2" tag="028">
      <marc:subfield code="a">Best.-Nr.: 74700</marc:subfield>
   </marc:datafield>
   <marc:datafield ind1=" " ind2=" " tag="035">
      <marc:subfield code="a">(DE-599)DNB1079409971</marc:subfield>
   </marc:datafield>
   <marc:datafield ind1=" " ind2=" " tag="035">
      <marc:subfield code="a">(OCoLC)932033751</marc:subfield>
   </marc:datafield>
   <marc:datafield ind1=" " ind2=" " tag="040">
      <marc:subfield code="a">1245</marc:subfield>
      <marc:subfield code="b">ger</marc:subfield>
      <marc:subfield code="c">DE-101</marc:subfield>
      <marc:subfield code="d">9999</marc:subfield>
      <marc:subfield code="e">rda</marc:subfield>
   </marc:datafield>
   <marc:datafield ind1=" " ind2=" " tag="041">
      <marc:subfield code="a">ger</marc:subfield>
   </marc:datafield>
   <marc:datafield ind1=" " ind2=" " tag="044">
      <marc:subfield code="c">XA-DE-BW</marc:subfield>
      <marc:subfield code="c">XA-CH</marc:subfield>
   </marc:datafield>
   <marc:datafield ind1="7" ind2="4" tag="082">
      <marc:subfield code="a">K</marc:subfield>
      <marc:subfield code="q">DE-101</marc:subfield>
      <marc:subfield code="2">23sdnb</marc:subfield>
   </marc:datafield>
   <marc:datafield ind1=" " ind2=" " tag="090">
      <marc:subfield code="a">b</marc:subfield>
   </marc:datafield>
   <marc:datafield ind1="1" ind2=" " tag="100">
      <marc:subfield code="0">(DE-588)1047646560</marc:subfield>
      <marc:subfield code="0">http://d-nb.info/gnd/1047646560</marc:subfield>
      <marc:subfield code="0">(DE-101)1047646560</marc:subfield>
      <marc:subfield code="a">Isermeyer, Jörg</marc:subfield>
      <marc:subfield code="d">1968-</marc:subfield>
      <marc:subfield code="e">Verfasser</marc:subfield>
      <marc:subfield code="4">aut</marc:subfield>
   </marc:datafield>
   <marc:datafield ind1="0" ind2="0" tag="245">
      <marc:subfield code="a">Alles andere als normal</marc:subfield>
      <marc:subfield code="b">Roman</marc:subfield>
      <marc:subfield code="c">Jörg Isermeyer</marc:subfield>
   </marc:datafield>
   <marc:datafield ind1=" " ind2="1" tag="264">
      <marc:subfield code="a">Weinheim</marc:subfield>
      <marc:subfield code="a">Basel</marc:subfield>
      <marc:subfield code="b">Beltz &amp; Gelberg</marc:subfield>
      <marc:subfield code="c">[2016]</marc:subfield>
   </marc:datafield>
   <marc:datafield ind1=" " ind2=" " tag="300">
      <marc:subfield code="a">213 Seiten</marc:subfield>
      <marc:subfield code="c">19 cm</marc:subfield>
   </marc:datafield>
   <marc:datafield ind1=" " ind2=" " tag="336">
      <marc:subfield code="a">Text</marc:subfield>
      <marc:subfield code="b">txt</marc:subfield>
      <marc:subfield code="2">rdacontent</marc:subfield>
   </marc:datafield>
   <marc:datafield ind1=" " ind2=" " tag="337">
      <marc:subfield code="a">ohne Hilfsmittel zu benutzen</marc:subfield>
      <marc:subfield code="b">n</marc:subfield>
      <marc:subfield code="2">rdamedia</marc:subfield>
   </marc:datafield>
   <marc:datafield ind1=" " ind2=" " tag="338">
      <marc:subfield code="a">Band</marc:subfield>
      <marc:subfield code="b">nc</marc:subfield>
      <marc:subfield code="2">rdacarrier</marc:subfield>
   </marc:datafield>
   <marc:datafield ind1=" " ind2=" " tag="385">
      <marc:subfield code="0">(DE-588)4030550-8</marc:subfield>
      <marc:subfield code="0">http://d-nb.info/gnd/4030550-8</marc:subfield>
      <marc:subfield code="0">(DE-101)040305503</marc:subfield>
      <marc:subfield code="a">Kind</marc:subfield>
      <marc:subfield code="2">gnd</marc:subfield>
   </marc:datafield>
   <marc:datafield ind1="0" ind2=" " tag="490">
      <marc:subfield code="a">Gulliver</marc:subfield>
   </marc:datafield>
   <marc:datafield ind1=" " ind2="7" tag="650">
      <marc:subfield code="0">(DE-588)4029002-5</marc:subfield>
      <marc:subfield code="0">http://d-nb.info/gnd/4029002-5</marc:subfield>
      <marc:subfield code="0">(DE-101)040290026</marc:subfield>
      <marc:subfield code="a">Junge</marc:subfield>
      <marc:subfield code="2">gnd</marc:subfield>
   </marc:datafield>
   <marc:datafield ind1=" " ind2="7" tag="650">
      <marc:subfield code="0">(DE-588)4172027-1</marc:subfield>
      <marc:subfield code="0">http://d-nb.info/gnd/4172027-1</marc:subfield>
      <marc:subfield code="0">(DE-101)04172027X</marc:subfield>
      <marc:subfield code="a">Normalität</marc:subfield>
      <marc:subfield code="2">gnd</marc:subfield>
   </marc:datafield>
   <marc:datafield ind1=" " ind2="7" tag="650">
      <marc:subfield code="0">(DE-588)4187141-8</marc:subfield>
      <marc:subfield code="0">http://d-nb.info/gnd/4187141-8</marc:subfield>
      <marc:subfield code="0">(DE-101)041871413</marc:subfield>
      <marc:subfield code="a">Unzufriedenheit</marc:subfield>
      <marc:subfield code="2">gnd</marc:subfield>
   </marc:datafield>
   <marc:datafield ind1=" " ind2="7" tag="650">
      <marc:subfield code="0">(DE-588)4018480-8</marc:subfield>
      <marc:subfield code="0">http://d-nb.info/gnd/4018480-8</marc:subfield>
      <marc:subfield code="0">(DE-101)040184803</marc:subfield>
      <marc:subfield code="a">Freundschaft</marc:subfield>
      <marc:subfield code="2">gnd</marc:subfield>
   </marc:datafield>
   <marc:datafield ind1=" " ind2="7" tag="650">
      <marc:subfield code="0">(DE-588)4036871-3</marc:subfield>
      <marc:subfield code="0">http://d-nb.info/gnd/4036871-3</marc:subfield>
      <marc:subfield code="0">(DE-101)040368718</marc:subfield>
      <marc:subfield code="a">Mädchen</marc:subfield>
      <marc:subfield code="2">gnd</marc:subfield>
   </marc:datafield>
   <marc:datafield ind1=" " ind2="7" tag="650">
      <marc:subfield code="0">(DE-588)4126153-7</marc:subfield>
      <marc:subfield code="0">http://d-nb.info/gnd/4126153-7</marc:subfield>
      <marc:subfield code="0">(DE-101)041261534</marc:subfield>
      <marc:subfield code="a">Nonkonformismus</marc:subfield>
      <marc:subfield code="2">gnd</marc:subfield>
   </marc:datafield>
   <marc:datafield ind1=" " ind2="7" tag="650">
      <marc:subfield code="0">(DE-588)4113788-7</marc:subfield>
      <marc:subfield code="0">http://d-nb.info/gnd/4113788-7</marc:subfield>
      <marc:subfield code="0">(DE-101)041137884</marc:subfield>
      <marc:subfield code="a">Grenzsituation</marc:subfield>
      <marc:subfield code="2">gnd</marc:subfield>
   </marc:datafield>
   <marc:datafield ind1=" " ind2=" " tag="653">
      <marc:subfield code="a">(Produktform)Paperback / softback</marc:subfield>
   </marc:datafield>
   <marc:datafield ind1=" " ind2=" " tag="653">
      <marc:subfield code="a">(Lesealter)ab 10 Jahre</marc:subfield>
   </marc:datafield>
   <marc:datafield ind1=" " ind2=" " tag="653">
      <marc:subfield code="a">(DDC-Sachgruppen der Deutschen Nationalbibliografie)100</marc:subfield>
   </marc:datafield>
   <marc:datafield ind1=" " ind2=" " tag="653">
      <marc:subfield code="a">Abenteuer</marc:subfield>
   </marc:datafield>
   <marc:datafield ind1=" " ind2=" " tag="653">
      <marc:subfield code="a">Armut</marc:subfield>
   </marc:datafield>
   <marc:datafield ind1=" " ind2=" " tag="653">
      <marc:subfield code="a">Fahrraddiebe</marc:subfield>
   </marc:datafield>
   <marc:datafield ind1=" " ind2=" " tag="653">
      <marc:subfield code="a">Familie</marc:subfield>
   </marc:datafield>
   <marc:datafield ind1=" " ind2=" " tag="653">
      <marc:subfield code="a">Freundschaft</marc:subfield>
   </marc:datafield>
   <marc:datafield ind1=" " ind2=" " tag="653">
      <marc:subfield code="a">Junge</marc:subfield>
   </marc:datafield>
   <marc:datafield ind1=" " ind2=" " tag="653">
      <marc:subfield code="a">Mut</marc:subfield>
   </marc:datafield>
   <marc:datafield ind1=" " ind2=" " tag="653">
      <marc:subfield code="a">Mädchen</marc:subfield>
   </marc:datafield>
   <marc:datafield ind1=" " ind2=" " tag="653">
      <marc:subfield code="a">Star Wars</marc:subfield>
   </marc:datafield>
   <marc:datafield ind1=" " ind2=" " tag="653">
      <marc:subfield code="a">(Verlag)5: Beltz &amp; Gelberg</marc:subfield>
   </marc:datafield>
   <marc:datafield ind1=" " ind2=" " tag="653">
      <marc:subfield code="a">(VLB-WN)2250: Taschenbuch / Kinder- und Jugendbücher/Kinderbücher bis 11 Jahre</marc:subfield>
   </marc:datafield>
   <marc:datafield ind1=" " ind2=" " tag="653">
      <marc:subfield code="a">(BISAC Subject Heading)JUV000000</marc:subfield>
   </marc:datafield>
   <marc:datafield ind1=" " ind2=" " tag="653">
      <marc:subfield code="a">(DNB-Sachgruppen)10</marc:subfield>
   </marc:datafield>
   <marc:datafield ind1=" " ind2=" " tag="653">
      <marc:subfield code="a">(Produktrabattgruppe)95R01: 1 = Beltz &amp; Gelberg</marc:subfield>
   </marc:datafield>
   <marc:datafield ind1=" " ind2="7" tag="655">
      <marc:subfield code="0">(DE-588)4303251-5</marc:subfield>
      <marc:subfield code="0">http://d-nb.info/gnd/4303251-5</marc:subfield>
      <marc:subfield code="0">(DE-101)043032516</marc:subfield>
      <marc:subfield code="a">Kinderbuch</marc:subfield>
      <marc:subfield code="2">gnd-content</marc:subfield>
   </marc:datafield>
   <marc:datafield ind1=" " ind2="7" tag="655">
      <marc:subfield code="0">(DE-101)1010718363</marc:subfield>
      <marc:subfield code="a">Kinderbücher bis 11 Jahre</marc:subfield>
      <marc:subfield code="2">gatbeg</marc:subfield>
   </marc:datafield>
   <marc:datafield ind1="0" ind2="0" tag="689">
      <marc:subfield code="0">(DE-588)4029002-5</marc:subfield>
      <marc:subfield code="0">http://d-nb.info/gnd/4029002-5</marc:subfield>
      <marc:subfield code="0">(DE-101)040290026</marc:subfield>
      <marc:subfield code="D">s</marc:subfield>
      <marc:subfield code="a">Junge</marc:subfield>
   </marc:datafield>
   <marc:datafield ind1="0" ind2="1" tag="689">
      <marc:subfield code="0">(DE-588)4172027-1</marc:subfield>
      <marc:subfield code="0">http://d-nb.info/gnd/4172027-1</marc:subfield>
      <marc:subfield code="0">(DE-101)04172027X</marc:subfield>
      <marc:subfield code="D">s</marc:subfield>
      <marc:subfield code="a">Normalität</marc:subfield>
   </marc:datafield>
   <marc:datafield ind1="0" ind2="2" tag="689">
      <marc:subfield code="0">(DE-588)4187141-8</marc:subfield>
      <marc:subfield code="0">http://d-nb.info/gnd/4187141-8</marc:subfield>
      <marc:subfield code="0">(DE-101)041871413</marc:subfield>
      <marc:subfield code="D">s</marc:subfield>
      <marc:subfield code="a">Unzufriedenheit</marc:subfield>
   </marc:datafield>
   <marc:datafield ind1="0" ind2="3" tag="689">
      <marc:subfield code="0">(DE-588)4018480-8</marc:subfield>
      <marc:subfield code="0">http://d-nb.info/gnd/4018480-8</marc:subfield>
      <marc:subfield code="0">(DE-101)040184803</marc:subfield>
      <marc:subfield code="D">s</marc:subfield>
      <marc:subfield code="a">Freundschaft</marc:subfield>
   </marc:datafield>
   <marc:datafield ind1="0" ind2="4" tag="689">
      <marc:subfield code="0">(DE-588)4036871-3</marc:subfield>
      <marc:subfield code="0">http://d-nb.info/gnd/4036871-3</marc:subfield>
      <marc:subfield code="0">(DE-101)040368718</marc:subfield>
      <marc:subfield code="D">s</marc:subfield>
      <marc:subfield code="a">Mädchen</marc:subfield>
   </marc:datafield>
   <marc:datafield ind1="0" ind2="5" tag="689">
      <marc:subfield code="0">(DE-588)4126153-7</marc:subfield>
      <marc:subfield code="0">http://d-nb.info/gnd/4126153-7</marc:subfield>
      <marc:subfield code="0">(DE-101)041261534</marc:subfield>
      <marc:subfield code="D">s</marc:subfield>
      <marc:subfield code="a">Nonkonformismus</marc:subfield>
   </marc:datafield>
   <marc:datafield ind1="0" ind2="6" tag="689">
      <marc:subfield code="0">(DE-588)4113788-7</marc:subfield>
      <marc:subfield code="0">http://d-nb.info/gnd/4113788-7</marc:subfield>
      <marc:subfield code="0">(DE-101)041137884</marc:subfield>
      <marc:subfield code="D">s</marc:subfield>
      <marc:subfield code="a">Grenzsituation</marc:subfield>
   </marc:datafield>
   <marc:datafield ind1="0" ind2=" " tag="689">
      <marc:subfield code="5">DE-101</marc:subfield>
      <marc:subfield code="5">DE-101</marc:subfield>
   </marc:datafield>
   <marc:datafield ind1="2" ind2=" " tag="710">
      <marc:subfield code="0">(DE-588)1064929486</marc:subfield>
      <marc:subfield code="0">http://d-nb.info/gnd/1064929486</marc:subfield>
      <marc:subfield code="0">(DE-101)1064929486</marc:subfield>
      <marc:subfield code="a">Julius Beltz GmbH &amp; Co. KG</marc:subfield>
      <marc:subfield code="e">Verlag</marc:subfield>
      <marc:subfield code="4">pbl</marc:subfield>
   </marc:datafield>
   <marc:datafield ind1="0" ind2="8" tag="776">
      <marc:subfield code="i">Erscheint auch als</marc:subfield>
      <marc:subfield code="n">Druck-Ausgabe</marc:subfield>
      <marc:subfield code="z">9783407820471</marc:subfield>
   </marc:datafield>
   <marc:datafield ind1="0" ind2="8" tag="776">
      <marc:subfield code="i">Erscheint auch als</marc:subfield>
      <marc:subfield code="n">Online-Ausgabe</marc:subfield>
      <marc:subfield code="a">Isermeyer, Jörg, 1968-</marc:subfield>
      <marc:subfield code="t">Alles andere als normal</marc:subfield>
      <marc:subfield code="d">Weinheim : Beltz &amp; Gelberg, 2017</marc:subfield>
      <marc:subfield code="h">Online-Ressourcen</marc:subfield>
      <marc:subfield code="w">(DE-101)1138273244</marc:subfield>
   </marc:datafield>
   <marc:datafield ind1=" " ind2=" " tag="850">
      <marc:subfield code="a">DE-101a</marc:subfield>
      <marc:subfield code="a">DE-101b</marc:subfield>
   </marc:datafield>
   <marc:datafield ind1="4" ind2="2" tag="856">
      <marc:subfield code="m">X:MVB</marc:subfield>
      <marc:subfield code="q">text/html</marc:subfield>
      <marc:subfield code="u">http://deposit.dnb.de/cgi-bin/dokserv?id=aa6997b724a34409bd12e5db617d6bd6&amp;prov=M&amp;dok_var=1&amp;dok_ext=htm</marc:subfield>
      <marc:subfield code="3">Inhaltstext</marc:subfield>
   </marc:datafield>
   <marc:datafield ind1="r" ind2=" " tag="925">
      <marc:subfield code="a">ra</marc:subfield>
   </marc:datafield>
</marc:record>
